Textbook Of Physics: Part 4 Magnetism and Electricity (Record no. 359205)

MARC details
000 -LEADER
fixed length control field 00425nam a22001697a 4500
005 - DATE AND TIME OF LATEST TRANSACTION
control field 20240729132057.0
008 - FIXED-LENGTH DATA ELEMENTS--GENERAL INFORMATION
fixed length control field 240729b |||||||| |||| 00| 0 eng d
041 ## - LANGUAGE CODE
Language code of text/sound track or separate title eng
082 ## - DEWEY DECIMAL CLASSIFICATION NUMBER
Classification number 530
Item number DUN
100 ## - MAIN ENTRY--PERSONAL NAME
Author Duncan J.
245 ## - TITLE STATEMENT
Title Textbook Of Physics: Part 4 Magnetism and Electricity
260 ## - PUBLICATION, DISTRIBUTION, ETC.
Name of publisher, distributor, etc. Macmillan
Date of publication, distribution, etc. 1950
300 ## - PHYSICAL DESCRIPTION
Extent 298
365 ## - TRADE PRICE
Price amount 1.00
Currency code Rs.
700 ## - ADDED ENTRY--PERSONAL NAME
Personal name Starling S. G.
942 ## - ADDED ENTRY ELEMENTS (KOHA)
Koha item type Books
Holdings
Withdrawn status Lost status Source of classification or shelving scheme Damaged status Not for loan Home library Current library Date acquired Total Checkouts Full call number Barcode Date last seen Bill Date Koha item type
    Dewey Decimal Classification     Cummins College of Engineering for Women Pune Cummins College of Engineering for Women Pune 29/07/2024   530 DUN CCEP-DB-1104 29/07/2024 29/07/2024 Books